000 00871nam a2200193 i 4500
001 187847
003 ES-MaACL
005 20230906223038.0
008 180316s1898 xxk |||| | eng d
110 0 _aGran Bretaña.
_bForeign Office.
_94480
245 1 0 _aSpain
_b: report for the year 1897 on the trade and commerce of the consular district of Corunna : reference to previous report, annual series nº 1898 /
_cpresented to both Houses of Parliament by command of Her Majesty, april 1898.
260 _aLondon :
_bForeing Office,
_c1898.
300 _a43 p. ;
_c25 cm.
490 1 _aDiplomatic and consular reports. Annual series ;
_v2061
651 4 _aEspaña-
_xComercio exterior.
_98178
830 0 _aDiplomatic and consular reports. Annual series ;
_v2061
_9192842
852 _aES-MaACL
_jT-951-F-5
_z.- Legado de González del Campillo
999 _c187847
_d187847